书目信息 |
| 题名: |
环境污染控制工程实验
|
|
| 作者: | 陆光立 | |
| 分册: | ||
| 出版信息: | 上海 上海交通大学出版社 2004 |
|
| 页数: | 152 | |
| 开本: | 23cm | |
| 丛书名: | ||
| 单 册: | ||
| 中图分类: | X506-33 | |
| 科图分类: | ||
| 主题词: | 环境污染 , 环境污染--污染防治 | |
| 电子资源: | ||
| ISBN: | 7-313-03607-8 | |
| 000 | 00570nam0 2200193 450 | |
| 001 | 0741144344 | |
| 005 | 20070817112544.34 | |
| 010 | @a7-313-03607-8@d¥16.00 | |
| 100 | @a20070817d km y0chiy0120 ea | |
| 101 | 0 | @achi |
| 200 | 1 | @a环境污染控制工程实验@Ahuan jing wu ran kong zhi gong cheng shi yan@f陆光立@Flu guang li |
| 210 | @a上海@c上海交通大学出版社@d2004 | |
| 215 | @a152@c彩图@d23cm | |
| 606 | 0 | @a环境污染 |
| 606 | 0 | @a环境污染@x污染防治 |
| 690 | @aX506-33@v3 | |
| 701 | 0 | @a陆光立@Alu guang li |
| 801 | 0 | @aCN@bPFT@c20070817 |
| 905 | @a213230@dX506-33@en1@f1 | |
| 环境污染控制工程实验/陆光立.-上海:上海交通大学出版社,2004 |
| 152:彩图;23cm |
| ISBN 7-313-03607-8:¥16.00 |
| ● |
| 相关链接 |
|
|
|
|
正题名:环境污染控制工程实验
索取号:X506-33/n1
 
预约/预借
| 序号 | 登录号 | 条形码 | 馆藏地/架位号 | 状态 | 备注 |
| 1 | 6601313 | 266013137 | 密集书库-生命科学系/ [索取号:X506-33/n1] | 在馆 |